Lettere inedite dei Macchiaioli /
Saved in:
| Other Authors: | , |
|---|---|
| Format: | Book |
| Language: | Italian |
| Published: |
Firenze :
Il torchio,
[1975]
|
| Subjects: | |
| Tags: |
Add Tag
No Tags, Be the first to tag this record!
|
| LEADER | 00805cam a22002651i 4500 | ||
|---|---|---|---|
| 001 | 005299451-1 | ||
| 005 | 20020606095253.2 | ||
| 008 | 771221s1975 it af 000 0 ita | ||
| 010 | |a 75404145 //r91 | ||
| 015 | |a It75-Nov | ||
| 020 | |c L12000 | ||
| 035 | 0 | |a ocm02405752 | |
| 040 | |a DLC |c DLC |d HFL | ||
| 043 | |a e-it--- | ||
| 050 | 0 | 0 | |a ND617.5.M3 |b L47 |
| 245 | 0 | 0 | |a Lettere inedite dei Macchiaioli / |c a cura di Piero Dini ; con la collaborazione di Alba del Soldato. |
| 260 | |a Firenze : |b Il torchio, |c [1975] | ||
| 300 | |a xviii, 324 p., [65] leaves of plates : |b ill. ; |c 24 cm. | ||
| 650 | 0 | |a Macchiaioli. | |
| 650 | 0 | |a Painters |z Italy |x Correspondence. | |
| 650 | 0 | |a Painting, Modern |y 20th century |z Italy. | |
| 700 | 1 | |a Dini, Piero. | |
| 700 | 1 | |a Del Soldato, Alba. | |
| 988 | |a 20020608 | ||
| 906 | |0 DLC | ||


